| 000 | 00460nam a2200157 i 4500 | ||
|---|---|---|---|
| 001 | 56495 | ||
| 003 | ES-MaACL | ||
| 005 | 20230906163401.0 | ||
| 007 | t| | ||
| 008 | 031009s1934 xxk ||||1| eng d | ||
| 245 | 0 | 4 |
_aThe universal dictionary of the english language / _cedited by Henry Cecil Wyld. |
| 260 |
_aLondon : _bGeorge Routledge et Sons, _c1934. |
||
| 300 |
_a1431 p. ; _c28 cm. |
||
| 700 | 1 |
_aWyld, Henry Cecil. _9117467 |
|
| 852 |
_aES-MaACL _jA-3362 |
||
| 999 |
_c56495 _d56495 |
||